| 000 | 00407nam a2200169Ia 4500 | ||
|---|---|---|---|
| 003 | OSt | ||
| 005 | 20240226112818.0 | ||
| 008 | 170619s9999 xx 000 0 und d | ||
| 020 | _a9780074632932 | ||
| 040 | _cIIMT ENGINEERING COLLEGE | ||
| 100 | _aNewman William M | ||
| 245 | 0 | _aPrinciple of Inter. Comp. Graphics | |
| 260 | _bNew Delhi:TMH | ||
| 260 | _c2004 | ||
| 546 | _aENGLISH | ||
| 942 |
_2ddc _c01 |
||
| 999 |
_c17322 _d17322 |
||